02537 a2200205 45000010006000000050017000060080041000230030015000640400040000790800056001192450147001752500011003222640028003333000019003615051865003801000021022457000022022667000017022887000026023052522120260407155536.0260407a1963 arg spa dAR-UNSa-BCEJYS aAR-UNSa-BCEJYSbspacAR-UNSa-BCEJYS a519.2xProbabilidades y estadística matemática 10aTablas estadísticas para investigadores, científicos, económicos, demográficos y especialmente biologícos, agronómicos y médicos a3a. ed 1aMadrid :bAguilarc1963 a131 p.c30 cm. a1. La distribución normal - 2. Ordenadas de la distribución normal - 3. Distribución de T(probabilidad) - 4. Distribución de X2(probabilidad) - 5.Distribución de Z y de razón de varianza - 6. El coefieniente de correlación.Valores del coeficiente de correlación para diferentes niveles de significación - 7. El coeficiente de correlación.Transformación de r en z (interclases) - 8. Pruebas de significación por tablas de contingencia 2x2 - 9. Probitas. Transformación de la curva sigmoide de mortalidad por dosificación en una línea recta - 10. Cuantilas sencillas de la distribución normal.Fracciones propias, con denominadores hasta 30, y las correspondientes desviaciones normales - 11. Probitas.Coeficientes de ponderación cuando hay mortalidad entre controles - 12. Transformación angular.Transformación de porcentajes en grado - 13. Transformación angular. Tarnsformación angular.Transformación de fracciones propias en grados - 14. Transformación angular.Valores angulares para ajustes de especial exactitud - 15. Cuadrados latinos - 16. Series completas de cuadros latinos ortogonales - 17. Bloques incompletos equilibrados. Soluciones combinatorias - 18. Bloque incompletos equilibrados.Indice para el número de repeticiones - 19. Bloque incompletos equilibrados. Indice para el número de unidades en un bloque - 20. Recuentos por datos ordinales(o por rangos) - 21. Recuentos por datos ordinales - 22. Diferncias iniciales de potencias de números naturales - 23. Polinomios ortogonales - 24. Cálculo de integrales de ordenadas igualmente espaciales - 25. Logaritmos - 26. Logaritmos naturales - 27. Cuadrados - 28. Raíces cuadradas - 29. Recíprocos - 30. Factoriales - 31. Senos naturales - 32. Tangentes naturales - 33. Números causales o aleatorios - 34. Constantes, pesas y medidas, etc.1 aRuiz Magan, Juan1 aFisher, Roland A.1 aYates, Frank1 aRuiz Rubio, Juan Jose